Numerical methods for chemical engineers with MATLAB applications / (Record no. 21060)
[ view plain ]
| 000 -LEADER | |
|---|---|
| fixed length control field | 01210cam a22003375a 4500 |
| 001 - CONTROL NUMBER | |
| control field | 3575465 |
| 005 - DATE AND TIME OF LATEST TRANSACTION | |
| control field | 20151117154651.0 |
| 006 - FIXED-LENGTH DATA ELEMENTS--ADDITIONAL MATERIAL CHARACTERISTICS--GENERAL INFORMATION | |
| fixed length control field | m||||f ||z 00| 0 |
| 008 - FIXED-LENGTH DATA ELEMENTS--GENERAL INFORMATION | |
| fixed length control field | 990218r20001999njua frb 001 0 eng d |
| 020 ## - INTERNATIONAL STANDARD BOOK NUMBER | |
| International Standard Book Number | 0130138517 (alk. paper) |
| 020 ## - INTERNATIONAL STANDARD BOOK NUMBER | |
| International Standard Book Number | 9780130138514 |
| 040 ## - CATALOGING SOURCE | |
| Original cataloging agency | DLC |
| Transcribing agency | DLC |
| Modifying agency | DLC |
| -- | EG-ScBUE |
| Language of cataloging | eng |
| 082 04 - DEWEY DECIMAL CLASSIFICATION NUMBER | |
| Classification number | 660.015194 |
| Edition number | 22 |
| Item number | CON |
| 100 1# - MAIN ENTRY--PERSONAL NAME | |
| Personal name | Constantinides, A. |
| 9 (RLIN) | 38770 |
| 245 10 - TITLE STATEMENT | |
| Title | Numerical methods for chemical engineers with MATLAB applications / |
| Statement of responsibility, etc | Alkis Constantinides, Navid Mostoufi. |
| 250 ## - EDITION STATEMENT | |
| Edition statement | Reprint ed. |
| 260 ## - PUBLICATION, DISTRIBUTION, ETC. (IMPRINT) | |
| Place of publication, distribution, etc | Upper Saddle River : |
| Name of publisher, distributor, etc | Prentice Hall PTR, |
| Date of publication, distribution, etc | 2000. |
| 300 ## - PHYSICAL DESCRIPTION | |
| Extent | xxv, 559 p. : |
| Other physical details | ill. ; |
| Dimensions | 25 cm. + |
| Accompanying material | CD-ROM (4 3/4 in.) |
| 490 0# - Series Statement | |
| Series statement | Prentice-Hall international series in the physical and chemical engineering sciences |
| 500 ## - GENERAL NOTE | |
| General note | Index : p. 545-588. |
| 500 ## - GENERAL NOTE | |
| General note | Reprinted of the 1999 ed. |
| 504 ## - BIBLIOGRAPHY, ETC. NOTE | |
| Bibliography, etc | Includes bibliographical references. |
| 630 07 - SUBJECT ADDED ENTRY--UNIFORM TITLE | |
| Uniform title | MATLAB. |
| 650 #7 - SUBJECT ADDED ENTRY--TOPICAL TERM | |
| Topical term or geographic name as entry element | Numerical analysis |
| General subdivision | Data processing. |
| Source of heading or term | BUEsh |
| 9 (RLIN) | 11374 |
| 650 #0 - SUBJECT ADDED ENTRY--TOPICAL TERM | |
| Topical term or geographic name as entry element | Chemical engineering |
| General subdivision | Mathematics |
| -- | Data processing. |
| Source of heading or term | BUEsh |
| 651 ## - SUBJECT ADDED ENTRY--GEOGRAPHIC NAME | |
| Source of heading or term | BUEsh |
| 653 ## - INDEX TERM--UNCONTROLLED | |
| Resource For college | Engineering, Chemical |
| Arrived date list | November2015 |
| 655 ## - INDEX TERM--GENRE/FORM | |
| Form subdivision | Reading book |
| -- | 34232 |
| 700 1# - ADDED ENTRY--PERSONAL NAME | |
| Personal name | Mostoufi, Navid. |
| 942 ## - ADDED ENTRY ELEMENTS (KOHA) | |
| Source of classification or shelving scheme | Dewey Decimal Classification |
| Withdrawn status | Item status | Source of classification or shelving scheme | Damaged status | Not for loan | Vendor | Home library | Current library | Shelving location | Date acquired | Source of acquisition | Total Checkouts | Total Renewals | Full call number | Barcode | Date last seen | Date last borrowed | Koha item type |
|---|---|---|---|---|---|---|---|---|---|---|---|---|---|---|---|---|---|
| Dewey Decimal Classification | Baccah | Central Library | Central Library | First floor | 17/11/2015 | Purchase | 2 | 7 | 660.015194 CON | 000031346 | 15/07/2025 | 18/12/2023 | Book - Borrowing | ||||
| Dewey Decimal Classification | Baccah | Central Library | Central Library | First floor | 17/11/2015 | Purchase | 660.015194 CON | 000031347 | 24/08/2022 | CD | DVD - With book |